00972nam a2200229 i 4500001000700000003000900007005001700016007000300033008004100036080002200077100004300099245009000142260004400232300003600276530003500312651008400347852004800431856009100479942000800570999001900578952014500597112506ES-MaACL20251124114355.0t|061121s1905 sp r ||||1| spa d a9.46.0"1885/1902"1 aOrtega Rubio, Juan, d1845-192198749010aHistoria de la regencia de María Cristina Habsbourg-Lorena / cJuan Ortega y Rubio. aMadrid : bF. González Rojas, c1905. a5 v. : blám. col. ; c25 cm. aDisponible en formato digital. 4aEspaña-xHistoria-y1885-1902, Regencia de Maria Cristina de Habsburgo.98270 aES-MaACLjR-3558-62dOlim: C-2356-60cDEPO14 uhttp://bdh-rd.bne.es/viewer.vm?id=0000040126&page=1 z(Biblioteca Digital Hispánica) 2udc c112506d112506 00102udc40708Colección_digitalaATENEOMbATENEOMcDEPOd2008-01-17l0oR-3558-62p1117358r2023-02-23 00:00:00w2023-02-23yMONOGRAFIA